| 000 | 00488cam a2200181ua 4500 | ||
|---|---|---|---|
| 001 | 2176 | ||
| 008 | 110804n ii |||gr||||Z||||||asm | ||
| 040 | _cMAIN | ||
| 082 | _a370.15 | ||
| 100 | _aBaruah, Jatin, | ||
| 245 | 1 |
_aPrarambhik shiksha monobigyan aru parisankhya _cby Jatin Baruah |
|
| 250 | _a6th. | ||
| 260 |
_aGuahati: _bLawyers book stall,995. |
||
| 300 |
_a250p: _bill; _c23cm. |
||
| 653 | _aEducation | ||
| 653 | _aPrarambhik shiksha monobigyan aru parisankhya | ||
| 942 | _cBK | ||
| 999 |
_c2044 _d2044 |
||